[Event "Tampere Elo Taraus op"]
[Site "Tampere"]
[Date "1997.??.??"]
[Round "1"]
[White "Manninen, Marko"]
[Black "Paasikangas, Johanna"]
[Result "0-1"]
[WhiteElo "2380"]
[BlackElo "2210"]

1.d4 Nf6 2.c4 g6 3.g3 Bg7 4.Bg2 O-O 5.Nf3 d6 6.Nc3 Na6 7.O-O c6 8.h3 Qc7
9.e4 e5 10.Be3 Bd7 11.Rc1 Rad8 12.a3 Qc8 13.Kh2 Nh5 14.b4 f5 15.d5 c5 16.Nb5 Bxb5
17.cxb5 f4 18.Bd2 Nc7 19.bxc5 Nxb5 20.g4 Nf6 21.a4 Nd4 22.Nxd4 exd4 23.cxd6 Qb8
24.f3 Qxd6 25.Qb3 Rf7 26.Ba5 Re8 27.Rfe1 Qe5 28.Bf1 h5 29.Bc7 Qg5 30.d6 Qh4
31.d7 Nxd7 32.e5 Nc5 33.Rxc5 Qg3+ 34.Kh1 Qxe1 35.Qc4 Bxe5 36.Bxe5 Rxe5 37.Rc7 Re7
38.Rxe7 Qxe7 39.Qxd4 hxg4 40.hxg4 Qh4+ 41.Kg1 Qg3+ 42.Bg2 Kh7  0-1

[Event "Tampere Elo Taraus op"]
[Site "Tampere"]
[Date "1997.??.??"]
[Round "1"]
[White "Kekki, Jorma"]
[Black "Maki, Veijo"]
[Result "0-1"]
[WhiteElo "2230"]
[BlackElo "2395"]

1.d4 Nf6 2.Nf3 g6 3.g3 Bg7 4.Bg2 O-O 5.c4 d6 6.O-O Nbd7 7.b3 e5 8.e3 Re8
9.Bb2 e4 10.Nfd2 Nf8 11.Nc3 Bf5 12.f3 exf3 13.Qxf3 c6 14.e4 Bg4 15.Qf2 Qd7
16.Rae1 Rad8 17.Nf3 Bxf3 18.Bxf3 Ne6 19.e5 Ng5 20.Bg2 dxe5 21.dxe5 Ng4 22.Qf4 Nxe5
23.Qxg5 Nd3 24.Rxe8+ Rxe8 25.Nd5 Nxb2 26.Nf6+ Bxf6 27.Qxf6 Nd3 28.h4 Qe7
29.Qxe7 Rxe7 30.Rd1 Re3 31.Bf1 Ne5 32.Rd8+ Kg7 33.Rb8 Rxg3+ 34.Bg2 Ng4 35.Rxb7 Ne3
36.Kf2 Rxg2+ 37.Kxe3 Rxa2 38.Kd4 h6 39.Kc5 Ra6 40.Rd7 g5 41.h5 g4 42.Rd6 Ra5+  0-1

[Event "DEN-chJ int"]
[Site "Tingkaerskolen"]
[Date "1997.??.??"]
[Round "7"]
[White "Vavrak, Peter"]
[Black "Tonning, Erik"]
[Result "1/2-1/2"]
[WhiteElo "2170"]
[BlackElo "2185"]

1.d4 Nf6 2.Nf3 g6 3.c4 Bg7 4.g3 d6 5.Bg2 O-O 6.O-O c6 7.Nc3 Qa5 8.e4 Bg4
9.h3 Bxf3 10.Bxf3 Nbd7 11.Be3 c5 12.Nd5 Nxd5 13.exd5 Qb4 14.b3 cxd4 15.Bxd4 Bxd4
16.Qxd4 b5 17.Rfc1 Rfc8 18.Be2 bxc4 19.Rxc4 Qb6 20.Qd2 Ne5 21.Rh4 Nd7 22.Bg4 f5
23.Be2 Rf8 24.Rc1 Nc5 25.Qe3 Ne4 26.Qxb6 axb6 27.a4 Rac8 28.Rxc8 Rxc8 29.Bd3 Rc1+
30.Kg2 Nc5 31.Bc4 Rc3 32.Rd4 Kf7 33.g4 Kf6 34.gxf5 gxf5 35.Rh4 Kg6 36.b4 Nxa4
37.Bb5 Nb2 38.Be8+ Kg7 39.Bd7 Rd3 40.Bxf5 Rxd5 41.Rxh7+ Kf6 42.Bc2 Rd2 43.Bb3 d5
44.Rh6+ Ke5 45.Rxb6 Nd3 46.h4 Nxf2 47.h5 Ng4+ 48.Kg1 e6 49.Ba4 Nf6 50.h6 Rd4
51.Rb8 Rh4 52.Rh8 Rxb4 53.Bc2 Rc4 54.Bd3 Rc3 55.Bf1 d4 56.Kf2 Ne4+ 57.Kg1 Rc7
58.h7 Rg7+ 59.Kh2 Nc5 60.Bh3 Rc7 61.Kg1 d3 62.Bf1 Rg7+ 63.Bg2 Nd7 64.Kf2 d2
65.Bf3 Rf7 66.Ke2 Nf8 67.Bh5 Rd7 68.Kd1 Nxh7 69.Be8 Rc7 70.Kxd2 Kf6 71.Bb5 e5
72.Bd3 Ng5 73.Rh6+ Kf7 74.Rh5 e4 75.Rxg5 Rd7 76.Rg3 Rxd3+ 77.Rxd3 exd3 78.Kxd3  1/2-1/2

[Event "Torre Blanca op"]
[Site "Torre Blanca"]
[Date "1997.??.??"]
[Round "4"]
[White "Lopepe, Pedro"]
[Black "Scalise, Luis"]
[Result "1/2-1/2"]
[WhiteElo "2150"]
[BlackElo "2120"]

1.d4 Nf6 2.c4 d6 3.g3 g6 4.Bg2 Bg7 5.Nf3 O-O 6.O-O Bg4 7.Qb3 Qc8 8.Re1 Nc6
9.d5 Bxf3 10.exf3 Nd4 11.Qd1 Nd7 12.Rxe7 Ne5 13.f4 Nxc4 14.Nc3 Re8 15.Rxe8+ Qxe8
16.Rb1 Qe7 17.b3 Nb6 18.Bb2 Re8 19.Ne4 Nf5 20.Bxg7 Kxg7 21.Qd2 f6 22.Rd1 Qf7
23.Qb2 h6 24.a4 Ne7 25.Nc3 a6 26.a5 Nd7 27.b4 Kg8 28.Bh3 f5 29.Re1 Nf6 30.Bg2 Nexd5
31.Rxe8+ Qxe8 32.Bxd5+ Nxd5 33.Qb3 c6 34.Kf1 Qe6 35.Nxd5 cxd5 36.b5 axb5
37.Qxb5 Qf7 38.Qb6 Qd7 39.Ke2 Kf7 40.Kd2 Qe7 41.Qd4 Qc7 42.Qxd5+ Ke7 43.Kd3 Kf6
44.Qd4+ Ke7 45.Qe3+  1/2-1/2

[Event "Nordic Grand Prix"]
[Site "Torshavn"]
[Date "1997.??.??"]
[Round "9"]
[White "Hansen, Herluf"]
[Black "Borge, Nikolaj"]
[Result "1-0"]
[WhiteElo "2025"]
[BlackElo "2405"]

1.Nf3 Nf6 2.c4 d6 3.d4 g6 4.g3 Bg7 5.Bg2 O-O 6.O-O Nbd7 7.Nc3 e5 8.e4 exd4
9.Nxd4 Re8 10.h3 a6 11.Rb1 Rb8 12.a4 Nc5 13.Re1 a5 14.b4 axb4 15.Rxb4 Ra8
16.Rb1 Bd7 17.Ndb5 Qc8 18.Kh2 Re5 19.f3 Rh5 20.h4 Re5 21.Bf4 Re6 22.Bh3 Nh5
23.Bxe6 Bxe6 24.Be3 Bxc4 25.Bd4 Nd3 26.Nd5 Qd8 27.Bxg7 Nf2 28.Ne7+ Kxg7 29.Qd4+ f6
30.Qxf2 Qxe7 31.Nc3 c6 32.Qd4 Ba6 33.Rbd1 Rd8 34.e5 fxe5 35.Rxe5 Qf6 36.Ne4 Qxe5
37.Qxe5+ dxe5 38.Rxd8 Nf6 39.Nc5 Be2 40.Rb8 Bxf3 41.Rxb7+  1-0

[Event "Tunis op"]
[Site "Tunis"]
[Date "1997.??.??"]
[Round "1"]
[White "Izeta Txabarri, Felix"]
[Black "Kaabi, Mejdi"]
[Result "1-0"]
[WhiteElo "2525"]
[BlackElo "2325"]

1.d4 Nf6 2.Nf3 g6 3.c4 Bg7 4.g3 O-O 5.Bg2 d6 6.Nc3 Nc6 7.O-O Bf5 8.d5 Na5
9.Nd2 c5 10.e4 Bg4 11.Qc2 Qd7 12.b3 Bh3 13.Bb2 Bxg2 14.Kxg2 a6 15.Rae1 e5
16.Nd1 b5 17.f4 exf4 18.gxf4 Qg4+ 19.Kh1 Nh5 20.Ne3 Qh4 21.Bxg7 Nxg7 22.e5 Rae8
23.Ne4 dxe5 24.Ng2 Qd8 25.fxe5 Re7 26.Nf6+ Kh8 27.Qc1  1-0

[Event "ROM-chT"]
[Site "Tusnad"]
[Date "1997.??.??"]
[Round "?"]
[White "Itkis, Boris"]
[Black "Vasiesiu, Dan"]
[Result "1-0"]
[WhiteElo "2440"]
[BlackElo "2420"]

1.d4 Nf6 2.Nf3 g6 3.c4 Bg7 4.g3 O-O 5.Bg2 d6 6.Nc3 c6 7.O-O Na6 8.e4 e5 9.h3 Qb6
10.dxe5 dxe5 11.a3 Qc5 12.Qe2 Qe7 13.Be3 Nc5 14.Qc2 Nh5 15.b4 Ne6 16.Rad1 f5
17.Bc1 Nd4 18.Nxd4 exd4 19.Ne2 c5 20.bxc5 Qxc5 21.e5 Bxe5 22.Bd5+ Kh8 23.Nxd4 f4
24.g4 Bg7 25.gxh5 Bxh3 26.Bb2  1-0

[Event "Ubeda op"]
[Site "Ubeda"]
[Date "1997.??.??"]
[Round "2"]
[White "Pigusov, Evgeny"]
[Black "Volke, Karsten"]
[Result "1-0"]
[WhiteElo "2565"]
[BlackElo "2465"]

1.Nf3 Nf6 2.c4 g6 3.d4 Bg7 4.g3 O-O 5.Bg2 d6 6.Nc3 Nbd7 7.O-O e5 8.e4 exd4
9.Nxd4 Re8 10.h3 Nc5 11.Re1 a5 12.b3 h6 13.Rb1 Nh7 14.Re2 Ng5 15.h4 Nh7 16.Be3 Nf6
17.f3 Nh5 18.Bf2 Be5 19.f4 Bg7 20.Re1 Nf6 21.Ndb5 Bg4 22.Bf3 c6 23.Bxg4 cxb5
24.Bf3 b4 25.Bxc5 dxc5 26.Nb5 Qxd1 27.Rbxd1 Re7 28.e5 Ne8 29.Rd5 b6 30.Red1 Bf8
31.Rd7 Rb8 32.Na7 Ng7 33.Nc6 Rxd7 34.Rxd7 Rc8 35.Bd5 Ne6 36.Kf2 b5 37.cxb5  1-0

[Event "Ubeda op"]
[Site "Ubeda"]
[Date "1997.??.??"]
[Round "2"]
[White "Khurtsidze, Nino"]
[Black "Gofshtein, Leonid D"]
[Result "0-1"]
[WhiteElo "2430"]
[BlackElo "2530"]

1.d4 Nf6 2.Nf3 g6 3.c4 Bg7 4.g3 O-O 5.Bg2 d6 6.O-O c6 7.Nc3 Qb6 8.h3 Na6
9.e4 e5 10.d5 Nc5 11.Re1 Bd7 12.Rb1 cxd5 13.cxd5 a5 14.Bf1 Rfc8 15.Nd2 a4
16.Nc4 Qc7 17.Na3 Qd8 18.b4 axb3 19.axb3 Ne8 20.b4 Na4 21.Nxa4 Bxa4 22.Qf3 Bd7
23.Nc4 Bxh3 24.Nxd6 Nxd6 25.Bxh3 Rc2 26.Be3 Nc4 27.Rbc1 Nd2 28.Bxd2 Rxd2
29.Ra1 Rxa1 30.Rxa1 Bf8 31.b5 Bc5 32.Rf1 Bd4 33.Kg2 Kg7 34.Kg1 h5 35.Kg2 Rb2
36.Qa3 h4 37.gxh4 Qxh4 38.Qf3 Qe7 39.Qg4 Qc5 40.Qh4 Rxb5 41.Be6 Rb2 42.Bxf7 Rxf2+
43.Rxf2 Bxf2 44.Qh3 Kxf7 45.Qh7+ Kf6 46.Qh8+ Kg5 47.Qxe5+ Kg4 48.Qf6 Bd4
49.Qxg6+ Kf4 50.Qf7+ Kxe4 51.Qxb7 Qc2+ 52.Kh3 Qd3+ 53.Kh4 Bf6+ 54.Kh5 Qh3+
55.Kg6 Qf5+ 56.Kh6 Qg5+ 57.Kh7 Qh5+  0-1

[Event "Ubeda op"]
[Site "Ubeda"]
[Date "1997.??.??"]
[Round "6"]
[White "Buturin, Vladimir"]
[Black "Mollov, Elin"]
[Result "1/2-1/2"]
[WhiteElo "2465"]
[BlackElo "2375"]

1.d4 Nf6 2.c4 g6 3.Nf3 Bg7 4.g3 O-O 5.Bg2 d6 6.O-O Nc6 7.Nc3 Rb8 8.b3 a6
9.Bb2 b5 10.d5 Na5 11.cxb5 axb5 12.Nd4 b4 13.Nb1 e6 14.e4 e5 15.Nc2 c5 16.dxc6 Nxc6
17.Ne3 Be6 18.Nd5 Nd4 19.Nxf6+ Bxf6 20.Nd2 d5 21.exd5 Bxd5 22.Nf3 Ba8 23.Nxd4 exd4
24.Bxa8 Rxa8 25.Qd2 Qd6 26.Rfc1 Rfc8 27.Rxc8+  1/2-1/2

[Event "Ubeda op"]
[Site "Ubeda"]
[Date "1997.??.??"]
[Round "8"]
[White "Khurtsidze, Nino"]
[Black "Georgiev, Vladimir"]
[Result "0-1"]
[WhiteElo "2430"]
[BlackElo "2515"]

1.d4 Nf6 2.Nf3 g6 3.g3 Bg7 4.c4 O-O 5.Bg2 d6 6.O-O c6 7.Nc3 Qa5 8.e4 e5 9.h3 Nbd7
10.Be3 exd4 11.Nxd4 Re8 12.Qc2 Nb6 13.b3 Qe5 14.Rad1 Be6 15.Nf3 Qh5 16.Ng5 h6
17.Bf3 Bg4 18.hxg4 Nxg4 19.Bxg4 Qxg4 20.Nxf7 Kxf7 21.Rxd6 Rad8 22.Rfd1 Rxd6
23.Rxd6 h5 24.Qd3 Be5 25.c5 Bxd6 26.cxb6 Bxg3 27.Qe2 Be5+ 28.Qxg4 hxg4 29.Na4 axb6
30.Bxb6 Bd6  0-1

[Event "JUG Cup"]
[Site "Ulcinj"]
[Date "1997.??.??"]
[Round "?"]
[White "Gavrilovic, Leonardo"]
[Black "Azaric, Slavko"]
[Result "1/2-1/2"]
[WhiteElo "2260"]
[BlackElo "2285"]

1.Nf3 Nf6 2.d4 g6 3.g3 Bg7 4.Bg2 O-O 5.c4 d6 6.Nc3 c6 7.e4 e5 8.h3 Qa5 9.O-O exd4
10.Nxd4 Nbd7 11.Re1 Ne5 12.Bf1 Re8 13.Rb1 Be6 14.b4 Qb6 15.Nxe6 Rxe6 16.Be3 Qc7
17.Kg2 Rae8 18.Qb3 Ned7 19.Bd3 R6e7 20.Rbd1 Nf8 21.Rd2 h5 22.Red1 Rd7 23.Bc2 Ne6
24.a4 h4 25.g4 g5 26.Ne2 Nh7 27.c5 Red8 28.cxd6 Rxd6 29.Rxd6 Rxd6 30.Rxd6 Qxd6
31.Bd3 a6 32.b5 axb5 33.axb5 Be5 34.bxc6 bxc6 35.Bc4 Nhf8 36.Kf3 Kg7 37.Bc1 Kg6
38.Ba3 c5 39.Qd3 Qc7 40.Bc1 Kg7 41.Be3 Bf6 42.Kg2 Qe5 43.Qd5  1/2-1/2

[Event "JUG Cup (Women)"]
[Site "Ulcinj"]
[Date "1997.??.??"]
[Round "?"]
[White "Matveeva, Svetlana"]
[Black "Gaponenko, Inna"]
[Result "1/2-1/2"]
[WhiteElo "2475"]
[BlackElo "2360"]

1.d4 Nf6 2.Nf3 g6 3.c4 Bg7 4.g3 O-O 5.Bg2 d6 6.O-O Nbd7 7.Nc3 e5 8.h3 Re8
9.e4 exd4 10.Nxd4 Nc5 11.Re1 a5 12.Qc2 a4 13.Be3 c6 14.Rad1 Nfd7 15.f4 Qa5
16.Bf2 Nf6 17.Nb1 Bd7 18.Re2 Re7 19.Rde1 Rae8 20.Nd2 h6 21.N4f3 Bf5 22.Nd4 Bd7
23.Qb1  1/2-1/2

[Event "Villa Ballester op"]
[Site "Villa Ballester"]
[Date "1997.??.??"]
[Round "8"]
[White "Tempone, Marcelo"]
[Black "Valerga, Diego"]
[Result "0-1"]
[WhiteElo "2450"]
[BlackElo "2445"]

1.d4 Nf6 2.c4 g6 3.g3 Bg7 4.Bg2 O-O 5.Nf3 d6 6.O-O Nc6 7.Nc3 Bf5 8.Re1 Ne4
9.Nd5 Bd7 10.Qc2 f5 11.Rd1 e6 12.Ne3 a5 13.a3 a4 14.b4 axb3 15.Qxb3 Na5 16.Qc2 Qe8
17.a4 Nc5 18.Qb1 Nxa4 19.Ra3 Nb6 20.c5 Nbc4 21.Nxc4 Nxc4 22.Rc3 Bb5 23.cxd6 cxd6
24.e3 Qd7 25.Nd2 Nxd2 26.Rxd2 Bc6 27.Bxc6 bxc6 28.Qb6 c5 29.Qb3 Rfb8 30.Qc2 Qa4
31.Kg2 cxd4 32.exd4 Bxd4 33.Rc7 Qxc2 34.Rdxc2 Ra7 35.Rxa7 Bxa7 36.Rc7 Bd4
37.h4 e5 38.Rd7 Rb6 39.Rd8+ Kf7 40.Rd7+ Ke6 41.Rxh7 Rc6 42.Bd2 Rc2 43.Be1 e4
44.Kf1 d5 45.Rh6 Kf7 46.h5 gxh5 47.Rxh5 Ke6 48.Rh6+ Bf6 49.Ba5 Kf7 50.Rh5 Ra2
51.Bb6 Ra6 52.Bc5 Ra1+ 53.Kg2 Ra5 54.Bb6 Rb5 55.Rxf5 Ke6 56.Rxf6+ Kxf6 57.Bd4+ Kf5
58.Kh3 Rb4 59.g4+ Kf4 60.Be3+ Kf3  0-1

[Event "Villarrobledo rapid op"]
[Site "Villarrobledo"]
[Date "1997.??.??"]
[Round "2"]
[White "Karpov, Anatoly"]
[Black "Moro Adame, Antonio"]
[Result "1-0"]
[WhiteElo "2745"]
[BlackElo "2150"]

1.d4 Nf6 2.Nf3 g6 3.c4 Bg7 4.g3 O-O 5.Bg2 d6 6.Nc3 c6 7.O-O Qa5 8.e4 Bg4
9.h3 Bxf3 10.Bxf3 e5 11.Be3 Nbd7 12.Rc1 Rad8 13.d5 c5 14.Qa4 Qxa4 15.Nxa4 b6
16.Nc3 Ne8 17.g4 Nc7 18.Bd1 f6 19.h4 h6 20.a3 g5 21.Kg2 Kf7 22.Ne2 b5 23.b4 cxb4
24.axb4 a6 25.c5 dxc5 26.bxc5 Nb8 27.Ng3 Rfe8 28.Nf5 Bf8 29.Bb3 Kg6 30.Ra1 Kh7
31.Rfc1 Kg6 32.Ra2 Kh7 33.Bd2 Kg6 34.Ba5 Rc8 35.Rac2 Kh7 36.Nd6  1-0

[Event "Warsaw-ch"]
[Site "Warsaw"]
[Date "1997.??.??"]
[Round "4"]
[White "Grabarczyk, Miroslaw"]
[Black "Szefer, Michal"]
[Result "1-0"]
[WhiteElo "2480"]
[BlackElo "2140"]

1.d4 Nf6 2.c4 g6 3.Nf3 Bg7 4.g3 O-O 5.Bg2 d6 6.O-O a6 7.Nc3 Nc6 8.d5 Na5
9.Nd2 c5 10.Qc2 e5 11.a3 b6 12.b4 Nb7 13.Rb1 Bd7 14.Nb3 Qc7 15.bxc5 Nxc5
16.Nxc5 bxc5 17.Bd2 Rab8 18.e4 Ng4 19.h3 Nh6 20.Qc1 Qa5 21.Rxb8 Rxb8 22.Nd1 Qa4
23.Bxh6 Bxh6 24.Qxh6 Qxc4 25.Ne3 Qb3 26.Bf3 Qxa3 27.Bg4 Bb5 28.Rd1 Qb3 29.h4 c4
30.h5 c3 31.hxg6 fxg6 32.Kg2 c2 33.Be6+ Kh8 34.Rh1  1-0

[Event "Warsaw-ch"]
[Site "Warsaw"]
[Date "1997.??.??"]
[Round "5"]
[White "Shishkin, Vadim"]
[Black "Czerwonski, Aleksander"]
[Result "1/2-1/2"]
[WhiteElo "2425"]
[BlackElo "2405"]

1.d4 d6 2.g3 Nf6 3.Nf3 g6 4.Bg2 Bg7 5.c4 O-O 6.Nc3 c5 7.d5 e5 8.O-O Nbd7
9.e4 Ne8 10.Qc2 h6 11.Nh4 Kh7 12.Bd2 Nb6 13.b3 Bd7 14.Rae1 Nc8 15.Re2 a6  1/2-1/2

[Event "Warsaw-ch"]
[Site "Warsaw"]
[Date "1997.??.??"]
[Round "6"]
[White "Bogocki, Cezary"]
[Black "Lada, Marek"]
[Result "0-1"]
[WhiteElo "2060"]
[BlackElo "2215"]

1.d4 Nf6 2.c4 g6 3.Nf3 Bg7 4.g3 d6 5.Bg2 O-O 6.O-O c5 7.Nc3 Nc6 8.dxc5 dxc5
9.Be3 Be6 10.Qa4 Nd4 11.Rfd1 Bd7 12.Qa3 Nc2 13.Qxc5 Nxa1 14.Ne5 Nc2 15.Bg5 b6
16.Nxd7 bxc5 17.Nxf6+ Bxf6 18.Rxd8 Raxd8 19.Bxf6 exf6  0-1

[Event "Wil"]
[Site "Wil"]
[Date "1997.??.??"]
[Round "?"]
[White "Kobler, Peter"]
[Black "Potterat, Marc"]
[Result "1/2-1/2"]
[WhiteElo "2065"]
[BlackElo "2150"]

1.d4 Nf6 2.c4 g6 3.Nf3 Bg7 4.g3 O-O 5.Bg2 d6 6.Nc3 c5 7.O-O Nc6 8.dxc5 dxc5
9.Bf4 Be6 10.Ne5 Na5 11.Qa4 Nh5 12.Rad1 Qb6 13.Nd5 Bxd5 14.cxd5 Nxf4 15.gxf4 Rfd8
16.b3 Rac8 17.Rc1 Rc7 18.Rc2 f6 19.Nc4 Nxc4 20.Qxc4 Qd6 21.b4 Rdc8 22.b5 f5
23.a4 a6 24.b6 Rd7 25.a5 Kf7 26.e3 e5 27.dxe6+ Qxe6 28.Qxe6+ Kxe6 29.Rfc1 Bf8
30.Bf3 h6 31.Kg2 g5 32.fxg5 hxg5 33.h3 Ke5 34.Rc4 Rcd8 35.R1c2 Kf6 36.Kf1 Re8
37.Ke2 Re5 38.Rd2 Rxd2+ 39.Kxd2 Re7 40.Rxc5 Rd7+ 41.Rd5 Bb4+  1/2-1/2

[Event "Zagreb"]
[Site "Zagreb"]
[Date "1997.??.??"]
[Round "2"]
[White "Ruck, Robert"]
[Black "Suskovic, Matija"]
[Result "1-0"]
[WhiteElo "2450"]
[BlackElo "2120"]

1.d4 Nf6 2.c4 g6 3.g3 Bg7 4.Bg2 O-O 5.Nf3 d6 6.O-O c6 7.Nc3 a6 8.e4 b5 9.e5 Ne8
10.Qe2 bxc4 11.Qxc4 a5 12.Re1 Ba6 13.Qa4 d5 14.Bd2 Qb6 15.Qc2 Bb5 16.h4 Nc7
17.h5 Ne6 18.Be3 Na6 19.Bh3 Nac7 20.Rac1 Rab8 21.Nxb5 Qxb5 22.h6 Bh8 23.Qxc6 Qxc6
24.Rxc6 Rxb2 25.Rec1 Rxa2 26.Ng5 a4 27.Nxe6 Nxe6 28.Rxe6  1-0

[Event "Zagreb op"]
[Site "Zagreb"]
[Date "1997.??.??"]
[Round "4"]
[White "Petek Medic, Mirjana"]
[Black "Kosanski, Stanko"]
[Result "1/2-1/2"]
[WhiteElo "2250"]
[BlackElo "2375"]

1.Nf3 g6 2.d4 Bg7 3.c4 d6 4.g3 Nf6 5.Bg2 O-O 6.O-O Nc6 7.Nc3 a6 8.d5 Na5
9.Nd2 c5 10.Qc2 Rb8 11.b3 b5 12.Bb2 bxc4 13.bxc4 e5 14.Rab1 Bd7 15.Ba1 Qc7
16.h3 Nh5 17.e4 Bh6 18.Rxb8 Rxb8 19.Ncb1 Nb7 20.Bc3 Nd8 21.Kh2 f5 22.Qd1 Be8
23.Bf3 Nf6 24.Bg2 Qe7 25.Re1 Qf8 26.exf5 gxf5 27.f4 e4 28.Nf1 Nh5 29.Nbd2 Bg7
30.Qc2 Bd7 31.Rb1 Rxb1 32.Nxb1 Bxc3 33.Qxc3 Qe7 34.Ne3 Qg7 35.Qxg7+ Kxg7
36.Nd2 Nb7 37.Bf1 Nf6 38.Be2 h5 39.Kg2 Kf8 40.Kf2 Ke7 41.Ndf1 Nd8 42.Nd2  1/2-1/2

[Event "Zagreb"]
[Site "Zagreb"]
[Date "1997.??.??"]
[Round "5"]
[White "Ruck, Robert"]
[Black "Krstic, Uros"]
[Result "1-0"]
[WhiteElo "2450"]
[BlackElo "2270"]

1.d4 Nf6 2.c4 g6 3.g3 Bg7 4.Bg2 O-O 5.Nf3 d6 6.O-O Nbd7 7.Nc3 e5 8.h3 a6
9.e4 b5 10.cxb5 axb5 11.dxe5 dxe5 12.Qc2 Bb7 13.Nd2 c6 14.b3 Re8 15.Rd1 Qb6
16.a4 Nc5 17.Bb2 Ne6 18.Ne2 Nd4 19.Nxd4 exd4 20.a5 d3 21.Qc3 Qd8 22.b4 Nh5
23.Qa3 Bxb2 24.Qxb2 c5 25.bxc5 Rxa5 26.Rxa5 Qxa5 27.Nb3 Qd8 28.Qd4 Qxd4 29.Nxd4 Bxe4
30.c6 f5 31.Nxb5 Rc8 32.c7 Nf6 33.f3 Bc6 34.Rxd3 Nd7 35.Na7 Rxc7 36.Nxc6 Nc5
37.Rd8+ Kg7 38.f4 Ne6 39.Rd6 Kf7 40.Bd5  1-0

[Event "Weihnachts op-M 21th"]
[Site "Zuerich"]
[Date "1997.??.??"]
[Round "?"]
[White "Sherwin, James T"]
[Black "Raeber, Markus"]
[Result "1/2-1/2"]
[WhiteElo "2325"]
[BlackElo "2200"]

1.Nf3 Nf6 2.d4 g6 3.c4 Bg7 4.g3 O-O 5.Bg2 d6 6.O-O Nbd7 7.Nc3 e5 8.h3 exd4
9.Nxd4 Re8 10.e4 a6 11.Rb1 Rb8 12.b3 c5 13.Nc2 b5 14.cxb5 axb5 15.b4 Qb6
16.Bb2 Bb7 17.Re1 Ne5 18.Ba1 c4 19.Re2 Nd3 20.Qd2 h5 21.Ne1 Ne5 22.Rd1 Rbd8
23.Qe3 Qa6 24.Qd2 Kh7 25.Kh1 Qa8 26.Qc2 Qa6 27.f4  1/2-1/2

[Event "Rishon Le Ziyyon 9798"]
[Site "Rishon Le Ziyyon"]
[Date "1998.01.02"]
[Round "8"]
[White "Zaichik, Gennadi"]
[Black "Bitansky, Igor"]
[Result "1-0"]
[WhiteElo "2540"]
[BlackElo "2165"]

1.Nf3 Nf6 2.c4 g6 3.d4 Bg7 4.g3 O-O 5.Bg2 d6 6.O-O Nc6 7.Nc3 e5 8.d5 Ne7
9.e4 Ne8 10.b4 a5 11.bxa5 Rxa5 12.a4 Bg4 13.Qb3 Bxf3 14.Bxf3 b6 15.Bd2 f5
16.Nb5 Ra8 17.a5 bxa5 18.Rxa5 Rb8 19.Ra7 fxe4 20.Bxe4 Nf5 21.Qd3 Kh8 22.Bc3 Ra8
23.Rxa8 Qxa8 24.Ra1 Qd8 25.Ra7 Rf7 26.h4 Qf6 27.Ra8 Rf8 28.Qe2 Bh6 29.Kg2 Qf7
30.Ra7 Qe7 31.Bd3 Nxh4+ 32.gxh4 Qxh4 33.Ra1 Nf6 34.Rh1 Qg5+ 35.Kf1 Ng4 36.f3 Ne3+
37.Ke1 Ng2+ 38.Kf2 Nf4 39.Qf1 Qf6 40.Be4 Qg5 41.Qg1 Nd3+ 42.Ke2 Nf4+ 43.Kf1  1-0

[Event "Zagreb op"]
[Site "Zagreb"]
[Date "1998.01.06"]
[Round "4"]
[White "Petrov, Jole"]
[Black "Krstic, Uros"]
[Result "1-0"]
[WhiteElo "2335"]
[BlackElo "2265"]

1.d4 Nf6 2.Nf3 g6 3.c4 Bg7 4.g3 O-O 5.Bg2 d6 6.O-O Nbd7 7.Nc3 e5 8.h3 a6
9.e4 b5 10.cxb5 axb5 11.Re1 c6 12.d5 cxd5 13.exd5 b4 14.Ne4 Bb7 15.Bg5 Qb8
16.Nxf6+ Bxf6 17.Qd2 b3 18.axb3 e4 19.Rxa8 Qxa8 20.Rxe4 Bxd5 21.Ra4 Qb7 22.Rb4 Qa8
23.Ra4 Qb7 24.Rb4 Qa8 25.Bxf6 Nxf6 26.Rf4 Ne4 27.Qd4 Nc5 28.Qf6 Ne4 29.Qd4 Nc5
30.Nh2 Bxg2 31.Ng4 f6 32.Rxf6 Be4 33.Nh6+ Kg7 34.Rf7+ Kxh6 35.Qg7+  1-0

[Event "Zagreb op"]
[Site "Zagreb"]
[Date "1998.01.09"]
[Round "7"]
[White "Ilic, Ognjen"]
[Black "Petrovic, Silvije"]
[Result "1-0"]
[WhiteElo "2255"]
[BlackElo "2175"]

1.d4 Nf6 2.c4 g6 3.g3 Bg7 4.Bg2 O-O 5.Nf3 d6 6.O-O c5 7.b3 Nc6 8.Bb2 Bg4
9.Nbd2 Qc8 10.d5 Nb4 11.a3 Na6 12.e4 Nc7 13.Qc1 e5 14.dxe6 Nxe6 15.e5 dxe5
16.Bxe5 Rd8 17.Qb2 Ne8 18.Bxg7 N8xg7 19.Ne5 Bf5 20.Bd5 Rxd5 21.cxd5 Nd4 22.Ndc4 Qd8
23.Ne3 Be4 24.b4 f6 25.f3 Bxd5 26.Nxd5 Qxd5 27.Ng4 Nxf3+ 28.Kf2 Nh5 29.Ne3 Qe4
30.Qb3+ Kg7 31.Qd5 Qxd5 32.Nxd5 Nxh2 33.Rfe1 Rd8 34.Rad1 cxb4 35.axb4 Ng4+
36.Kg2 Ne5 37.Nxf6 Rxd1 38.Nxh5+ Kh6 39.Rxd1 gxh5 40.Rd5 Nc6 41.b5 Na5 42.Kh3 Nc4
43.Rd7 Na5 44.Kh4 a6 45.b6 Kg6 46.Rd6+ Kf5  1-0

[Event "CRO-ch (Women)"]
[Site "Pula"]
[Date "1998.01.12"]
[Round "3"]
[White "Medic, Mirjana"]
[Black "Dokmanovic, Nina"]
[Result "1/2-1/2"]
[WhiteElo "2275"]
[BlackElo "2100"]

1.Nf3 Nf6 2.c4 g6 3.g3 Bg7 4.Bg2 d6 5.d4 O-O 6.O-O Nbd7 7.Nc3 e5 8.h3 Re8
9.e4 a6 10.Re1 exd4 11.Nxd4 Ne5 12.b3 c5 13.Nde2 Rb8 14.Be3 b5 15.f4 Ned7
16.Qd3 b4 17.Na4 Nxe4 18.Rad1 Qe7 19.Bxe4 Qxe4 20.Qxe4 Rxe4 21.Kf2 Bf8 22.g4 Nf6
23.Ng3 Re8 24.f5 Ne4+ 25.Nxe4 Rxe4 26.fxg6 fxg6 27.Bg5 Rxe1 28.Rxe1 Bd7 29.Nb2 Re8
30.Rd1 Bc6 31.Bf4 Re6 32.Rd2 Be7 33.g5 a5 34.Nd1 Kf7 35.Ne3 Bf8 36.h4 Ke8
37.Ng4 Be7 38.Ne3 Kd7 39.Kg3 Bf8 40.h5 Bg7 41.h6 Bd4 42.Ng4 Bc3 43.Rd1 a4
44.Be3 Ke7 45.Bd2 Bh8 46.Bf4 Kd7 47.Be3 Ke7 48.Bf4 Be4 49.bxa4 Bc2 50.Rd2 Bxa4
51.Nf6 Bxf6 52.gxf6+ Kxf6 53.Bxd6 Re4 54.Bxc5 Rxc4 55.Rf2+ Ke6 56.Re2+ Kd5
57.Bf8 Re4 58.Rb2 b3 59.axb3 Re3+ 60.Kf4 Rxb3 61.Re2 Rb7 62.Re5+ Kc6 63.Re6+ Kd5
64.Rd6+ Kc4 65.Bg7  1/2-1/2

[Event "CRO-ch (Women)"]
[Site "Pula"]
[Date "1998.01.13"]
[Round "4"]
[White "Macek, Vlasta"]
[Black "Stadler, Brigita"]
[Result "1-0"]
[WhiteElo "2255"]
[BlackElo "2100"]

1.d4 Nf6 2.Nf3 g6 3.g3 Bg7 4.Bg2 O-O 5.c4 d6 6.Nc3 Nbd7 7.d5 e5 8.dxe6 fxe6
9.O-O Nc5 10.h3 c6 11.Be3 Nce4 12.Nxe4 Nxe4 13.Qc2 d5 14.Rad1 Qa5 15.a3 Nd6
16.Bd2 Qc7 17.Bb4 a5 18.Bxd6 Qxd6 19.c5 Qc7 20.b3 e5 21.Nd2 e4 22.e3 Rf5
23.b4 Rh5 24.g4 Rh4 25.Rfe1 axb4 26.axb4 Ra3 27.Nb1 Ra6 28.Nc3 h5 29.Nxe4 hxg4
30.Nd6 Be5 31.hxg4 Rxg4 32.f4 Ra3 33.Rd3 Rxd3 34.Qxd3 Rh4 35.Qe2 Bc3 36.Rb1 Qe7
37.b5 d4 38.bxc6 bxc6 39.Rb8 Kg7 40.Rb7 Bd7 41.Qg4 Bxg4 42.Rxe7+ Kf6 43.Bxc6 d3
44.Ne4+  1-0

[Event "CRO-ch (Women)"]
[Site "Pula"]
[Date "1998.01.17"]
[Round "7"]
[White "Macek, Vlasta"]
[Black "Dokmanovic, Nina"]
[Result "1-0"]
[WhiteElo "2255"]
[BlackElo "2100"]

1.d4 Nf6 2.Nf3 g6 3.g3 Bg7 4.Bg2 O-O 5.c4 d6 6.Nc3 Nbd7 7.d5 Nb6 8.Qd3 e5
9.e4 Nbd7 10.O-O Nc5 11.Qc2 a5 12.Ne1 Ne8 13.Nd3 Nxd3 14.Qxd3 f5 15.f3 f4
16.Bd2 h5 17.Ne2 g5 18.Rac1 b6 19.b3 Bh6 20.Kf2 g4 21.Ke1 gxf3 22.Bxf3 Ng7
23.Kd1 Qf6 24.gxf4 exf4 25.Kc2 Qh4 26.Bc3 Bg5 27.Be1 Qh3 28.Rg1 Bf6 29.Rg2 Be5
30.Ng1 Qd7 31.Bxh5 Kh8 32.Bg4 Qf7 33.Qh3+ Kg8 34.Nf3 Bf6 35.Bxc8 Raxc8 36.Bc3 Qe7
37.Bxf6 Qxf6 38.Ng5 Qg6 39.Re1 Rf6 40.Qxc8+  1-0

[Event "Melbourne Black Opal"]
[Site "Melbourne"]
[Date "1998.01.18"]
[Round "7"]
[White "Kagan, Naum"]
[Black "Leskiewicz, Maksymilian"]
[Result "0-1"]
[WhiteElo "2265"]
[BlackElo "2130"]

1.d4 Nf6 2.Nf3 g6 3.g3 Bg7 4.Bg2 O-O 5.c4 d6 6.Nc3 Nbd7 7.O-O e5 8.h3 c6
9.e4 Qb6 10.b3 exd4 11.Na4 Qa5 12.Nxd4 d5 13.exd5 cxd5 14.Bd2 Qd8 15.Bb4 Re8
16.c5 Ne4 17.Rc1 Ne5 18.Ba3 Bd7 19.Bb2 h5 20.Rc2 Qc8 21.Kh2 h4 22.Nc3 hxg3+
23.fxg3 Ng5 24.Nxd5 Bxh3 25.Qd2 Ng4+ 26.Kg1 Bxg2 27.Qxg2 Ne3 28.Nxe3 Rxe3
29.Re2 Rxe2 30.Qxe2 Qxc5 31.Qe3 Rd8 32.Kg2 Bxd4 33.Bxd4 Rxd4 34.Qe8+ Kg7  0-1

[Event "RUS-Cup02"]
[Site "Moscow"]
[Date "1998.01.23"]
[Round "3"]
[White "Kharitonov, Andrei Y"]
[Black "Zaitsev, Vadim"]
[Result "1/2-1/2"]
[WhiteElo "2585"]
[BlackElo "2425"]

1.d4 Nf6 2.Nf3 g6 3.c4 Bg7 4.g3 O-O 5.Bg2 d6 6.Nc3 c6 7.O-O Qb6 8.e3 Bf5
9.b3 Na6 10.Bb2 Rad8 11.Qe2 Rfe8 12.e4 Bg4 13.h3 Bxf3 14.Bxf3 e5 15.Na4 Qa5
16.Bc3 Qc7 17.dxe5 dxe5 18.c5 Qe7 19.Qc4 Nc7 20.Rad1 Nb5 21.Bb2 Nd4 22.Bg2 Rd7
23.Bxd4 Red8 24.Qc2  1/2-1/2

[Event "Pobeskydi"]
[Site "Frydek-Mistek"]
[Date "1998.01.24"]
[Round "4"]
[White "Vavrak, Peter"]
[Black "Obsivac, Josef"]
[Result "1/2-1/2"]
[WhiteElo "2210"]
[BlackElo "2345"]

1.d4 Nf6 2.c4 g6 3.Nf3 Bg7 4.g3 O-O 5.Bg2 d6 6.O-O Nc6 7.d5 Na5 8.Qa4 c5
9.Bd2 b6 10.Bc3 e5 11.Nbd2 Bd7 12.Qc2 Nh5 13.e4 f5 14.h3 Bh6 15.a3 Qe7 16.b4 Nb7
17.Kh2 Rf7 18.Ng1 Raf8 19.Ne2 f4 20.Nf3 Nf6 21.g4 g5 22.Kg1 Nxg4 23.hxg4 Bxg4
24.Nh2 Bd7 25.f3 Bg7 26.Qd3 h5 27.Rfb1 g4 28.Be1 Bf6 29.Nf1 Kh8 30.Ra2 Rg8
31.Rbb2 Rh7 32.fxg4 hxg4 33.Neg3 Bh4 34.Ra1 Qg7 35.Ne2 Bxe1 36.Rxe1 g3 37.Rb3 Rh5
38.Rc1 Qh6 39.Rc2 Rg4 40.Qf3 Rgh4 41.Nexg3 fxg3 42.Nxg3 Rg5 43.Rf2 Rf4 44.Qe3 Qf6
45.Ne2 Rxf2 46.Qxf2 Qxf2+ 47.Kxf2 Kg7 48.Bh3 Bxh3  1/2-1/2